000 00585nam a2200229Ia 4500
003 GCL
008 140319s9999 xx 000 0 eng d
040 _aGCL /
_cGCL
082 0 4 _a537.61
_bB P
100 1 _aBARRET, J.P
245 1 0 _aPOWER SYSTEM SIMULATION /
_cBARRET, J.P
700 1 _aBERNARD, P.
700 1 _aMEYER, B
260 _a[S.N] :
_bCHAPMAN & HALL ،
_c1997
300 _a288 P
650 0 4 _aMATHEMATICAL OPTIMIZATION
650 0 4 _aزياد بن ابيه
650 0 4 _aPHYSICS
650 0 4 _aPOWER ELECTRONICS
650 0 4 _aCURRENT CIRCUIT
942 _2ddc
_cBK
999 _c15977
_d15977